000 00437nam a22001577a 4500
999 _c524475
_d524475
003 NUST
005 20190621071157.0
008 190621b ||||| |||| 00| 0 eng d
038 _aMr.Noman
082 _a621.3
100 _aMuhammad Bilal
_915291
245 _aOptimization of CDMA system by using hybrid DS-TH spread spectrum technique
_cMuhammad Bilal
260 _aIslamabad
_bCE NUST
_c2013
300 _a41 p.
942 _2ddc
_cTHE